| 000 | 00759nam a2200229Ia 4500 | ||
|---|---|---|---|
| 003 | GCL | ||
| 008 | 140319s9999 xx 000 0 ara d | ||
| 040 |
_aGCL / _cGCL |
||
| 082 | 0 | 4 |
_a953.04 _bا ن |
| 100 | 1 | _aابراهيم سلمان الكردى | |
| 245 | 1 | 0 |
_aنظام الوزارة فى العصر العباسى الاول / _cابراهيم سلمان الكردى |
| 260 |
_aالقاهرة : _bمؤسسة شباب الجامعة ، _c1989 |
||
| 300 |
_a279 ص ؛ _c24 سم |
||
| 490 | _a | ||
| 650 | 0 | 4 | _aالتاريخ الاسلامى |
| 650 | 0 | 4 | _aالنظم الاقتصادية |
| 650 | 0 | 4 | _aالدولة العباسية |
| 650 | 0 | 4 | _aنظم الحكم |
| 650 | 0 | 4 | _aالوزراء |
| 650 | 0 | 4 | _aالوزارات |
| 942 |
_2ddc _cBK |
||
| 999 |
_c32597 _d32597 |
||